000 00628nam a2200205Ii 4500
003 JO-AjNU
008 230605s9999||||xx |||||||||||||| ||und||
040 _aJO-AjNU
_bara
_erda
_cJO-AjNU
041 _aara
050 1 4 _aBP100.2009
100 3 _aد،م,
_eauthor
_940870
245 0 0 _aالقرآن الكريم
250 _aط1
264 3 1 _aعمان : وزارة الأوقاف والشؤون والمقدسات الإسلامية، 2009
300 _a604ص
336 _atext
_btxt
_2rdacontent
337 _aunmediated
_bn
_2rdamedia
338 _avolume
_bnc
_2rdacarrier
650 4 _aالقرآن الكريم
_940871
999 _aA17379
_c20947
_d20947